[Event "POR-ch U20"]
[Site "Luso"]
[Date "2014.07.27"]
[Round "7"]
[White "Catarro, Jose Joao Dias"]
[Black "Cadeirinhas, David Eduardo Lour"]
[Result "1-0"]
[WhiteElo "1772"]
[BlackElo "1872"]
[PlyCount "82"]
[EventDate "2014.07.23"]
[EventType "swiss"]
[EventRounds "7"]
[EventCountry "POR"]
[SourceTitle "EXT 2015"]
[Source "ChessBase"]
[SourceDate "2014.11.20"]
[SourceVersion "1"]
[SourceVersionDate "2014.11.20"]
[SourceQuality "1"]

1. f4 c5 2. Nf3 Nf6 3. b3 d5 4. e3 g6 5. Bb2 Bg7 6. Bb5+ Bd7 7. Bxd7+ Nbxd7 8. 0-0 0-0 9. Qe2 Qc7 10. d3 Rac8 11. Ne5 d4 12. Nxd7 Qxd7 13. e4 Ng4 14. Bc1 Rcd8 15. Rd1 e5 16. h3 Ne3 17. Bxe3 dxe3 18. f5 gxf5 19. Qxe3 fxe4 20. Qxe4 Qd4+ 21. Qxd4 cxd4 22. a4 Rd6 23. Na3 Rc8 24. Re1 f6 25. Re2 Kf7 26. Rf1 Ke6 27. Nb5 Rd5 28. Nxa7 Rg8 29. Nb5 Rd7 30. Na3 Rd5 31. Nc4 Bf8 32. Kh2 Bb4 33. Re4 Bc3 34. Rh4 Rg7 35. Rh6 Rf7 36. g4 Ke7 37. Rf5 Ke6 38. Kg2 b5 39. axb5 Rxb5 40. Kf3 Ra7 41. Rhxf6+ Kd5 1-0

[Event "POR-ch U20"]
[Site "Luso"]
[Date "2014.07.26"]
[Round "6"]
[White "Marinho, Antonio Pedro"]
[Black "Catarro, Jose Joao Dias"]
[Result "1/2-1/2"]
[WhiteElo "1508"]
[BlackElo "1772"]
[PlyCount "98"]
[EventDate "2014.07.23"]
[EventType "swiss"]
[EventRounds "7"]
[EventCountry "POR"]
[SourceTitle "EXT 2015"]
[Source "ChessBase"]
[SourceDate "2014.11.20"]
[SourceVersion "1"]
[SourceVersionDate "2014.11.20"]
[SourceQuality "1"]

1. e4 c5 2. Nc3 g6 3. f4 Bg7 4. Nf3 Nc6 5. Bc4 d6 6. 0-0 Nf6 7. d3 0-0 8. Qe1 e6 9. f5 exf5 10. Qh4 Nh5 11. Bg5 Bf6 12. exf5 Bxg5 13. Nxg5 h6 14. f6 Ne5 15. Nf3 Nxc4 16. Qxc4 Nxf6 17. Nh4 Kg7 18. d4 Be6 19. d5 Nxd5 20. Nxd5 Bxd5 21. Nf5+ gxf5 22. Qxd5 Qd7 23. Rxf5 Rae8 24. Rd1 Qe6 25. Qf3 Re7 26. Rfd5 Qe3+ 27. Qxe3 Rxe3 28. Rxd6 Re2 29. R1d2 Rfe8 30. Kf1 Re1+ 31. Kf2 R8e7 32. Rd7 b6 33. a3 R1e5 34. Rxe7 Rxe7 35. Rd5 Kg6 36. a4 Rb7 37. a5 bxa5 38. b3 a4 39. bxa4 Rb4 40. a5 Rc4 41. Rd2 Ra4 42. Rd6+ f6 43. Ra6 Ra2 44. Rxa7 Rxc2+ 45. Kg3 Ra2 46. a6 c4 47. Rc7 Rxa6 48. Rxc4 h5 49. h3 Ra5 1/2-1/2

[Event "POR-ch U20"]
[Site "Luso"]
[Date "2014.07.24"]
[Round "3"]
[White "Catarro, Jose Joao Dias"]
[Black "Fernandes, Afonso Sampaio SP"]
[Result "0-1"]
[WhiteElo "1772"]
[BlackElo "1798"]
[PlyCount "76"]
[EventDate "2014.07.23"]
[EventType "swiss"]
[EventRounds "7"]
[EventCountry "POR"]
[SourceTitle "EXT 2015"]
[Source "ChessBase"]
[SourceDate "2014.11.20"]
[SourceVersion "1"]
[SourceVersionDate "2014.11.20"]
[SourceQuality "1"]

1. e4 c5 2. Nc3 Nc6 3. g3 g6 4. Bg2 Bg7 5. f4 e6 6. Nf3 Nge7 7. 0-0 0-0 8. d3 d6 9. Rb1 Rb8 10. h3 b5 11. a3 a5 12. Be3 b4 13. axb4 axb4 14. Ne2 f5 15. g4 Qb6 16. Nd2 Ba6 17. Ng3 Nd4 18. exf5 exf5 19. Re1 Rbe8 20. Nc4 Qc7 21. g5 d5 22. Ra1 Ra8 23. Na5 Rfd8 24. Kh1 Rd7 25. Nb3 Nxb3 26. cxb3 Bxb2 27. d4 Bxa1 28. Qxa1 Bb7 29. Qc1 c4 30. Qd2 c3 31. Qe2 Nc8 32. Qb5 Qd6 33. Qd3 Qa6 34. Qd1 Nd6 35. Bc1 Ne4 36. Bxe4 dxe4 37. Re3 Qd6 38. Ne2 Ba6 0-1

[Event "POR-ch U20"]
[Site "Luso"]
[Date "2014.07.23"]
[Round "1"]
[White "Catarro, Jose Joao Dias"]
[Black "Gomes, Ricardo"]
[Result "1-0"]
[WhiteElo "1772"]
[BlackElo "1432"]
[PlyCount "53"]
[EventDate "2014.07.23"]
[EventType "swiss"]
[EventRounds "7"]
[EventCountry "POR"]
[SourceTitle "EXT 2015"]
[Source "ChessBase"]
[SourceDate "2014.11.20"]
[SourceVersion "1"]
[SourceVersionDate "2014.11.20"]
[SourceQuality "1"]

1. e4 g6 2. Nc3 Bg7 3. g3 d6 4. Bg2 Nf6 5. f4 c5 6. Nf3 0-0 7. 0-0 Nc6 8. d3 a6 9. Rb1 e6 10. h3 Qc7 11. Be3 Rb8 12. Ne2 b5 13. g4 Rd8 14. Ng3 Nd7 15. f5 Nde5 16. Bg5 f6 17. Be3 Nxf3+ 18. Qxf3 exf5 19. gxf5 Ne5 20. Qe2 Qf7 21. a3 Bb7 22. h4 h6 23. fxg6 Qxg6 24. Nf5 Qg4 25. Qd2 h5 26. Rf4 Nf3+ 27. Rxf3 1-0

[Event "Coimbra op"]
[Site "Coimbra"]
[Date "2014.04.25"]
[Round "3"]
[White "Catarro, Jose Joao Dias"]
[Black "Nogueira, Diana Sofia Cunha"]
[Result "1-0"]
[WhiteElo "1771"]
[BlackElo "1445"]
[PlyCount "101"]
[EventDate "2014.04.25"]
[EventType "swiss"]
[EventRounds "7"]
[EventCountry "POR"]
[SourceTitle "CBM 160 Extra"]
[Source "ChessBase"]
[SourceDate "2014.07.01"]
[SourceVersion "1"]
[SourceVersionDate "2014.07.01"]
[SourceQuality "1"]

1. e4 d6 2. Nc3 g6 3. g3 Bg7 4. Bg2 Nf6 5. f4 Nbd7 6. Nf3 0-0 7. 0-0 Nb6 8. d3 Ne8 9. Be3 f5 10. exf5 Bxf5 11. Nh4 Bc8 12. Rb1 e6 13. Qe2 d5 14. Bd2 Nd6 15. Rbe1 Nf5 16. Nxf5 exf5 17. Qe7 c6 18. Nd1 Bd7 19. Qd6 Qb8 20. Qb4 Qc7 21. Be3 Rfe8 22. a4 Bf8 23. Qb3 Be6 24. Bd4 Bg7 25. Be5 Bxe5 26. Rxe5 Bf7 27. Rfe1 Rxe5 28. fxe5 Re8 29. a5 Nd7 30. d4 Qxa5 31. Qe3 Qd8 32. Nf2 Nf8 33. g4 Be6 34. Bh3 Qc8 35. Qg5 Qd8 36. Qh6 Qe7 37. gxf5 Bxf5 38. Bxf5 gxf5 39. Kh1 Ng6 40. Rg1 Qg7 41. Qg5 Qe7 42. Qh6 Qg7 43. Qh5 Qe7 44. Nh3 Qg7 45. Nf4 Kf7 46. Qxf5+ Ke7 47. Nxg6+ hxg6 48. Rxg6 Qf7 49. Rf6 Qg8 50. Rg6 Rf8 51. Qg5+ 1-0

[Event "POR-ch U20"]
[Site "Braga"]
[Date "2013.08.04"]
[Round "3.7"]
[White "Catarro, Jose Joao Dias"]
[Black "Cadeirinhas, David Eduardo Lour"]
[Result "1-0"]
[WhiteElo "1683"]
[BlackElo "1905"]
[PlyCount "99"]
[EventDate "2013.08.02"]
[EventType "swiss"]
[EventRounds "7"]
[EventCountry "POR"]
[SourceTitle "EXT 2015"]
[Source "ChessBase"]
[SourceDate "2014.11.20"]
[SourceVersion "1"]
[SourceVersionDate "2014.11.20"]
[SourceQuality "1"]

1. f4 c5 2. Nf3 Nc6 3. d4 d5 4. c4 Nf6 5. cxd5 cxd4 6. Nxd4 Nxd4 7. Qxd4 Qxd5 8. Be3 Bd7 9. Nc3 Qxd4 10. Bxd4 Bc6 11. 0-0-0 e6 12. Rg1 Nd5 13. e3 a6 14. Bc4 Rc8 15. Kb1 Nxc3+ 16. Bxc3 b5 17. Be2 Rg8 18. Bd4 g5 19. g3 Be7 20. Bd3 f5 21. Be5 Kf7 22. Rge1 Bb4 23. Rf1 g4 24. Bd4 Bf3 25. Rc1 h5 26. a3 Be7 27. Rxc8 Rxc8 28. Rc1 Rxc1+ 29. Kxc1 Bf6 30. Bxf6 Kxf6 31. Kd2 Ke7 32. Kc3 Kd6 33. Kb4 Bd1 34. Ka5 Kc5 35. b4+ Kd5 36. Kxa6 Ba4 37. Kb6 e5 38. Bxb5 Bxb5 39. Kxb5 exf4 40. exf4 Ke4 41. a4 Kf3 42. a5 Kg2 43. a6 Kxh2 44. a7 Kxg3 45. a8Q h4 46. Qh1 h3 47. Kc4 Kxf4 48. Kd4 Kg3 49. b5 f4 50. b6 1-0

[Event "POR-ch U20"]
[Site "Braga"]
[Date "2013.08.03"]
[Round "2.12"]
[White "Ferreira, Joao"]
[Black "Catarro, Jose Joao Dias"]
[Result "0-1"]
[WhiteElo "1382"]
[BlackElo "1683"]
[PlyCount "58"]
[EventDate "2013.08.02"]
[EventType "swiss"]
[EventRounds "7"]
[EventCountry "POR"]
[SourceTitle "EXT 2015"]
[Source "ChessBase"]
[SourceDate "2014.11.20"]
[SourceVersion "1"]
[SourceVersionDate "2014.11.20"]
[SourceQuality "1"]

1. d4 d5 2. c4 e6 3. Nc3 Nf6 4. Bg5 Be7 5. e3 0-0 6. Nf3 b6 7. Rc1 Bb7 8. Bd3 Nbd7 9. 0-0 c5 10. cxd5 Nxd5 11. Bxe7 Nxe7 12. dxc5 Bxf3 13. Qxf3 Nxc5 14. Bc2 Ng6 15. Rfd1 Qe7 16. b4 Nd7 17. a3 Nde5 18. Qe2 a5 19. Qb5 axb4 20. axb4 Ng4 21. h3 Nxf2 22. Kxf2 Qf6+ 23. Ke2 Qxc3 24. Bxg6 Ra2+ 25. Kf3 fxg6+ 26. Ke4 Qf6 27. Rc7 Rxg2 28. Qd7 Qf3+ 29. Kd3 Qxd1+ 0-1